|
|
|
|
| LEADER |
00000nam0a2200000 4500 |
| 001 |
329866 |
| 005 |
20231102004214.0 |
| 035 |
|
|
|a (RuTPU)RU\TPU\book\355634
|
| 035 |
|
|
|a RU\TPU\book\335261
|
| 090 |
|
|
|a 329866
|
| 100 |
|
|
|a 20170322d1954 km y0rusy50 ca
|
| 101 |
0 |
|
|a rus
|
| 102 |
|
|
|a RU
|
| 105 |
|
|
|a a z 000zy
|
| 200 |
1 |
|
|a Контроль технологического процесса флотационных фабрик
|f А. Л. Саградян
|g под ред. И. Н. Плаксина
|
| 210 |
|
|
|a Москва
|c Металлургиздат
|d 1954
|
| 215 |
|
|
|a 496 с.
|c ил.
|
| 606 |
1 |
|
|a Флотация
|x Технический контроль автоматический
|2 stltpush
|3 (RuTPU)RU\TPU\subj\64019
|9 80949
|
| 610 |
1 |
|
|a флотационные фабрики
|
| 610 |
1 |
|
|a технологические процессы
|
| 610 |
1 |
|
|a контроль
|
| 610 |
1 |
|
|a опробование
|
| 610 |
1 |
|
|a руды
|
| 610 |
1 |
|
|a продукты обогащения
|
| 610 |
1 |
|
|a реагенты
|
| 610 |
1 |
|
|a вода
|
| 610 |
1 |
|
|a жидкие среды
|
| 610 |
1 |
|
|a газовые среды
|
| 610 |
1 |
|
|a оборудование
|
| 610 |
1 |
|
|a дозировка
|
| 610 |
1 |
|
|a анализ
|
| 610 |
1 |
|
|a металлы
|
| 610 |
1 |
|
|a баланс
|
| 675 |
|
|
|a 622.765
|v 3
|
| 700 |
|
1 |
|a Саградян
|b А. Л.
|
| 702 |
|
1 |
|a Плаксин
|b И. Н.
|4 340
|
| 801 |
|
1 |
|a RU
|b 63413507
|c 20140703
|
| 801 |
|
2 |
|a RU
|b 63413507
|c 20170414
|g RCR
|
| 942 |
|
|
|c BK
|